Silivri kent rehberi (Record no. 69)

MARC details
000 -BAŞLIK
Sabit Uzunlukta Kontrol Alanı 00897na a2200277 4500
001 - KONTROL NUMARASI
Denetim Alanı 16550
003 - KONTROL NUMARASI IDENTIFIER
Denetim Alanı MIRAKIL
005 - SON İŞLEM TARİHİ VE ZAMANI
Denetim Alanı 20181213154732.0
008 - SABİT-BOY VERİ ELEMANLARI - GENEL BİLGİLER
Sabit Uzunlukta Kontrol Alanı 161012b tu 000 0
040 ## - KATALOGLAMA KAYNAK
Orijinal Kataloglama Ajansı Milas
Kataloglama Dili tur
Metne Dönüştürmek Ajansı TR-AnCHP
041 ## - DİL KODU
Metin / Ses Parça Veya Ayrı Başlığın Dil Kodu tur
-- eng
082 ## - DEWEY ONLU SINIFLANDIRMA NUMARASI
Sınıflandırma Numarası 915.622614
Ürün Numarası S64 2011
090 ## - SINIFLAMA NUMARASI
Sınıflama Numarası 915.622614 S64 2011
245 ## - BAŞLIK TABLOSU
Başlık Silivri kent rehberi
Sorumluluk Tablosu, Vb haz. Gülbeyaz Köse...[ve öte] ; fotg. Yılmaz Kandemir, Ömer Sabahattin Çetin
260 ## - YAYIN, DAĞITIM, VB
Yayın, Dağıtım, Vb Yeri İstanbul
Yayıncı, Dağıtıcı, Vs Adı Silivri Belediyesi
Yayın, Dağıtım, Vb Tarihi 2011
300 ## - FİZİKSEL TANIM
Kapsam 209 s.
Diğer Fiziksel Ayrıntıları fotg.
Boyutlar 20x10 sm.
500 ## - GENEL NOT
Genel Not Metin, Türkçe-İngilizce karşılıklıdır.
504 ## - KAYNAKÇA VB NOT
Kaynakça Vb Notu Kaynakça var.
651 ## - KONU KATMA GİRİŞ - COĞRAFİ ADI
Coğrafi İsim Silivri (İstanbul)
Genel Alt Bölümü Gezi ve tanıtım
651 ## - KONU KATMA GİRİŞ - COĞRAFİ ADI
Coğrafi İsim Silivri (İstanbul)
Genel Alt Bölümü Kılavuzlar
651 ## - KONU KATMA GİRİŞ - COĞRAFİ ADI
Coğrafi İsim İstanbul
Kronolojik Alt Bölümü Kılavuzlar
Coğrafi Alt Bölümü Silivri
700 ## - KATMA GİRİŞ - KİŞİSEL İSİM
Kişisel Ad Çetin, Ömer Sebahattin
700 ## - KATMA GİRİŞ - KİŞİSEL İSİM
Kişisel Ad Kandemir, Yılmaz
700 ## - KATMA GİRİŞ - KİŞİSEL İSİM
Kişisel Ad Köse, Gülbeyaz
942 ## - EKLENDİ GİRİŞ ELEMANLARI (KOHA)
Sınıflandırma Veya Raf Düzeni Kaynak Dewey Decimal Classification
Koha Öğesi Türü Books
999 ## - SİSTEM KONTROL NUMARALARI (KOHA)
Koha Biblionumber 69
Koha Biblioitemnumber 69
Holdings
Kalıcı Konum Mevcut Konum Edinme Tarihi Edinim Kaynak Toplam Check-Out'Lar Tam Çağrı Numarası Barkod Tarih Son Görülme İtibaren Geçerli Fiyatlar Koha Öğesi Türü
CHP Kütüphanesi CHP Kütüphanesi 10/08/2016 Bağış   915.622614 S64 2011 006555 10/08/2016 10/08/2016 Books